000 00565 a2200181 4500
999 _c4685
_d4685
010 _aENG-86500
020 _a8183331548
_c99.00
035 _aEN-70033
037 _bDBAD / PUB
082 1 4 _a657.0285
100 1 _aNadhani, Asok K.
245 1 _aImplementing tally payroll /
_cby Asok K. Nadhani [and] Kisor K. Nadhani
260 _aNew Delhi
_bBPB Publications
_c2006
270 _aB-14, Connaught Place
_bNew Delhi
_e110 001
300 _axiv, 176p.
_c21cm (pbk)
_eCD-ROM
700 _aNadhani, Kisor K.
942 _adpl
_cEN
_2ddc
_h657.0285
_mNAD